000 00477nam a2200181Ia 4500
003 LK-CoDNM
008 010623t2004 xxu||||| |||| 00| 1 eng d
040 _aLK-CoDNM
_dLK-CoDNM
_eLK-CoDNM
041 _aeng
080 _a36.011.6
_bJAF
100 _aJafferjee, Azre
245 _aPoverty reduction strategy in Sri Lanka
260 _bA centre for poverty analysis
_aSri Lanka
_c2004
300 _b13, 21 cm
500 _a3
700 _aSenanayake, Dinushka
942 _cBK
999 _c123492
_d123492